[Event "Championnats Loire Jeunes 2004 Pup Pou P"]
[Site "Aurec"]
[Date "2004.11.13"]
[Round "1.1"]
[White "Lille, Gauthier"]
[Black "Desassis, Maxence"]
[Result "0-1"]
[WhiteElo "1099"]
[BlackElo "1380"]
[PlyCount "72"]
[EventDate "2004.??.??"]

1. e4 c6 2. Nf3 d5 3. d3 Bg4 4. h3 Bh5 5. g4 Bg6 6. h4 dxe4 7. dxe4 Qxd1+ 8.
Kxd1 Bxe4 9. Bg2 Nf6 10. g5 Ng4 11. Ne1 Nxf2+ 12. Ke2 Nxh1 13. Bxe4 Ng3+ 14.
Kf3 Nxe4 15. Kxe4 g6 16. Nc3 Bg7 17. Be3 Bxc3 18. bxc3 Nd7 19. Bd4 f5+ 20. Kf4
O-O 21. Rb1 Rfe8 22. Rxb7 e5+ 23. Ke3 exd4+ 24. Kxd4 Rxe1 25. Rxd7 Rd1+ 26. Kc5
Rxd7 27. Kxc6 Rdd8 28. a4 Rd1 29. Kc7 a5 30. c4 Rd2 31. c5 Rxc2 32. c6 Kf7 33.
Kb6 Ke7 34. c7 Rc8 35. Kxa5 R8xc7 36. h5 Ra7+ 0-1

[Event "Championnats Loire Jeunes 2004 Pup Pou P"]
[Site "Aurec"]
[Date "2004.11.13"]
[Round "1.2"]
[White "Gidrol, Thibault"]
[Black "Moleins, Adrien"]
[Result "1-0"]
[WhiteElo "1310"]
[BlackElo "1099"]
[PlyCount "34"]
[EventDate "2004.??.??"]

1. e4 e5 2. Nf3 Nc6 3. d3 d5 4. Nc3 d4 5. Nd5 Nge7 6. Nxe7 Bxe7 7. Be2 O-O 8.
O-O Qd6 9. h3 Qg6 10. a3 Bxh3 11. Ne1 Bh4 12. Bh5 Qg5 13. Bxg5 Bxg5 14. Nf3 Bf4
15. g3 g6 16. gxf4 gxh5 17. Qe1 f6 1-0

[Event "Championnats Loire Jeunes 2004 Pup Pou P"]
[Site "Aurec"]
[Date "2004.11.13"]
[Round "1.3"]
[White "Charron, Arthur"]
[Black "Carrot, Axel"]
[Result "0-1"]
[WhiteElo "1060"]
[BlackElo "1300"]
[PlyCount "47"]
[EventDate "2004.??.??"]

1. e4 e5 2. Nf3 Nc6 3. Nc3 Bc5 4. Bc4 d6 5. O-O Nf6 6. d3 O-O 7. Bg5 h6 8. Be3
Bxe3 9. fxe3 Ng4 10. Qd2 Qe7 11. d4 exd4 12. exd4 a6 13. Qf4 Nb4 14. Bb3 Qf6
15. Nh4 Qxd4+ 16. Kh1 Qf6 17. Kg1 Qxf4 18. Rxf4 g5 19. Rf5 Bxf5 20. Rf1 gxh4
21. Rxf5 Rae8 22. a3 Nc6 23. Bd5 Nd4 24. Rf6 0-1

[Event "Championnats Loire Jeunes 2004 Pup Pou P"]
[Site "Aurec"]
[Date "2004.11.13"]
[Round "1.4"]
[White "Chambosse, Alexis"]
[Black "Desassis, Emmeran"]
[Result "1-0"]
[WhiteElo "1210"]
[BlackElo "1010"]
[PlyCount "65"]
[EventDate "2004.??.??"]

1. d4 d5 2. c4 dxc4 3. e4 g6 4. Bxc4 e6 5. Nf3 Bg7 6. O-O Ne7 7. Nc3 Bxd4 8.
Nxd4 Bd7 9. Bh6 Nbc6 10. Nxc6 Bxc6 11. Qxd8+ Rxd8 12. Nb5 a6 13. Nxc7+ Kd7 14.
Bf4 Rc8 15. Nxa6 bxa6 16. Bxa6 Rb8 17. Bxb8 Rxb8 18. Rad1+ Kc7 19. b3 Bxe4 20.
Rd4 Bb1 21. Rxb1 Nc6 22. Rd3 Nb4 23. Rc3+ Nc6 24. Rbc1 Rb6 25. Bd3 Kb7 26. h3
Ne5 27. Rc7+ Kb8 28. Rc8+ Ka7 29. Be2 g5 30. a4 Rxb3 31. a5 Rb5 32. Bxb5 h5 33.
R1c7# 1-0

e1 Kd8 35. Rd1+ Nd7 36. Ng8 Ra1 37. Be7+ Ke8 38. Rxa1 Rxa1+ 39.
Kh2 c5 40. Bd6 f6 41. Ne7 c4 42. Nf5 g6 43. Ne3 c3 44. Bb4 Rc1 45. Ba3 Ra1 46.
Bb4 Rc1 47. Ba3 Re1 48. Bb4 Re2 49. Bxc3 Rxf2 50. Kg3 Re2 51. Nd5 f5 52. Nf4
Rc2 53. Bb4 g5 54. Ne6 f4+ 55. Kh2 Nf8 56. Ng7+ Kf7 57. Nf5 Kg6 58. Ne7+ Kf7
59. Nf5 Kf6 1-0

[Event "Championnats Loire Jeunes 2004 Pup Pou P"]
[Site "Aurec"]
[Date "2004.11.13"]
[Round "1.5"]
[White "Allabrune, Guillaume"]
[Black "Oriol, Nicolas"]
[Result "0-1"]
[WhiteElo "1009"]
[BlackElo "1130"]
[PlyCount "66"]
[EventDate "2004.??.??"]

1. e4 e5 2. Nf3 Nc6 3. Nc3 Bc5 4. Bc4 d6 5. Nh4 Qxh4 6. g3 Qf6 7. Qf3 Bxf2+ 8.
Qxf2 Qe7 9. Rf1 Nf6 10. d3 O-O 11. Be3 Be6 12. O-O-O Bxc4 13. dxc4 Ng4 14. Qg2
Nxe3 15. Qe2 Nxf1 16. Qxf1 Qg5+ 17. Rd2 Nd4 18. h4 Qxg3 19. Nd5 Nf3 20. Qd1 c6
21. Ne7+ Kh8 22. Nf5 Qf4 23. h5 Qxe4 24. Qe1 Qxf5 25. Qf2 d5 26. Qg3 Nxd2 27.
Kxd2 e4 28. b3 Qe6 29. a4 Rad8 30. b4 e3+ 31. Ke2 dxc4 32. b5 cxb5 33. axb5 {
abandon} 33... Qd5 0-1

[Event "Championnats Loire Jeunes 2004 Pup Pou P"]
[Site "Aurec"]
[Date "2004.11.13"]
[Round "2.1"]
[White "Desassis, Maxence"]
[Black "Chambosse, Alexis"]
[Result "0-1"]
[WhiteElo "1380"]
[BlackElo "1210"]
[PlyCount "117"]
[EventDate "2004.??.??"]

1. d4 d5 2. Nf3 Bg4 3. e3 e6 4. Bd3 Nf6 5. h3 Bxf3 6. Qxf3 Nc6 7. b3 Nb4 8. a3
Nxd3+ 9. cxd3 Bd6 10. e4 dxe4 11. dxe4 e5 12. Bf4 exd4 13. e5 Qe7 14. Qxb7 O-O
15. O-O Bxe5 16. Re1 Rab8 17. Rxe5 Qxe5 18. Bxe5 Rxb7 19. Bxd4 Rxb3 20. Bxa7
Re8 21. Nd2 Rd3 22. Nc4 Ra8 23. Rb1 h6 24. Ne5 Rxa3 25. Nc6 Ra2 26. Ne7+ Kf8
27. Bc5 Ke8 28. Re1 Kd8 29. Rd1+ Ke8 30. Re1 Kd7 31. Rd1+ Ke6 32. Re1+ Kd7 33.
Rd1+ Ke8 34. Re1 Kd8 35. Rd1+ Nd7 36. Ng8 Ra1 37. Be7+ Ke8 38. Rxa1 Rxa1+ 39.
Kh2 c5 40. Bd6 f6 41. Ne7 c4 42. Nf5 g6 43. Ne3 c3 44. Bb4 Rc1 45. Ba3 Ra1 46.
Bb4 Rc1 47. Ba3 Re1 48. Bb4 Re2 49. Bxc3 Rxf2 50. Kg3 Re2 51. Nd5 f5 52. Nf4
Rc2 53. Bd4 g5 54. Ne6 f4+ 55. Kh2 Nf8 56. Ng7+ Kf7 57. Nf5 Kg6 58. Ne7+ Kf7
59. Nf5 0-1

[Event "Championnats Loire Jeunes 2004 Pup Pou P"]
[Site "Aurec"]
[Date "2004.11.13"]
[Round "2.2"]
[White "Oriol, Nicolas"]
[Black "Gidrol, Thibault"]
[Result "0-1"]
[WhiteElo "1130"]
[BlackElo "1310"]
[PlyCount "60"]
[EventDate "2004.??.??"]

1. e4 e5 2. Nf3 Nc6 3. Bb5 Nf6 4. d3 Bc5 5. O-O O-O 6. Nc3 Nd4 7. Nxe5 Bd6 8.
Nc4 Qe7 9. Be3 Nxb5 10. Nxb5 a6 11. Nbxd6 cxd6 12. Bf4 Qe6 13. Nxd6 h6 14. Nxc8
Raxc8 15. e5 Nd5 16. Bg3 f6 17. d4 Qf5 18. Rc1 fxe5 19. dxe5 Ne7 20. c3 b5 21.
Qe2 Rfe8 22. Rce1 b4 23. c4 Nc6 24. f4 Nd4 25. Qe3 Nc2 26. Qe2 Nxe1 27. Bxe1 d6
28. exd6 Rxe2 29. Bg3 Qe4 30. Kh1 Qxg2# 0-1

[Event "Championnats Loire Jeunes 2004 Pup Pou P"]
[Site "Aurec"]
[Date "2004.11.13"]
[Round "2.3"]
[White "Carrot, Axel"]
[Black "Guyot, Corentin"]
[Result "1-0"]
[WhiteElo "1300"]
[BlackElo "1099"]
[PlyCount "26"]
[EventDate "2004.??.??"]

1. d4 d5 2. c4 Nf6 3. Bg5 h6 4. Bxf6 gxf6 5. Nc3 e6 6. Nf3 Nc6 7. e3 Be7 8. Bd3
Bb4 9. O-O Bxc3 10. bxc3 e5 11. dxe5 fxe5 12. Rb1 d4 13. cxd4 exd4 1-0

[Event "Championnats Loire Jeunes 2004 Pup Pou P"]
[Site "Aurec"]
[Date "2004.11.13"]
[Round "2.4"]
[White "Desassis, Emmeran"]
[Black "Lille, Gauthier"]
[Result "0-1"]
[WhiteElo "1010"]
[BlackElo "1099"]
[PlyCount "66"]
[EventDate "2004.??.??"]

1. d4 d5 2. Nc3 e6 3. Nf3 Bb4 4. Bd2 Nf6 5. Bg5 h6 6. Bxf6 Qxf6 7. a3 Ba5 8. b4
Bb6 9. Na4 O-O 10. Nxb6 axb6 11. e3 Nd7 12. a4 b5 13. axb5 Nb6 14. Rxa8 Nxa8
15. Bd3 Qe7 16. O-O Qxb4 17. c4 Qxc4 18. Qb1 Nb6 19. Bh7+ Kh8 20. Qc1 Qb4 21.
Qb1 Qa5 22. Qa1 Qxb5 23. Rb1 Qd7 24. Ne5 Qe7 25. Qa3 Qxa3 26. Rxb6 cxb6 27. Bd3
Qa1+ 28. Bf1 b5 29. Nd3 b6 30. f3 Ba6 31. e4 dxe4 32. fxe4 b4 33. Nxb4 Qxf1#
0-1

[Event "Championnats Loire Jeunes 2004 Pup Pou P"]
[Site "Aurec"]
[Date "2004.11.13"]
[Round "2.5"]
[White "Moleins, Adrien"]
[Black "Allabrune, Guillaume"]
[Result "1-0"]
[WhiteElo "1099"]
[BlackElo "1009"]
[PlyCount "45"]
[EventDate "2004.??.??"]

1. e4 e5 2. Nf3 Bb4 3. c3 Bc5 4. d4 Bb6 5. Nxe5 d6 6. Nf3 Nf6 7. Bg5 h6 8. Bh4
Nxe4 9. Nbd2 Nc5 10. Bxd8 O-O 11. Bf6 Re8+ 12. Be2 Bf5 13. Bxg7 Nc6 14. O-O Re6
15. dxc5 dxc5 16. Bxh6 Rxh6 17. Qb3 Re8 18. Bc4 Be6 19. Bxe6 Rexe6 20. Ng5 Reg6
21. Qxf7+ Kh8 22. Qf8+ Rg8 23. Qxh6# 1-0

[Event "Championnats Loire Jeunes 2004 Pup Pou P"]
[Site "Aurec"]
[Date "2004.11.13"]
[Round "2.6"]
[White "Guyot, Camille"]
[Black "Charron, Arthur"]
[Result "0-1"]
[WhiteElo "1009"]
[BlackElo "1060"]
[PlyCount "48"]
[EventDate "2004.??.??"]

1. e4 e5 2. Nf3 Nc6 3. Nc3 Bc5 4. Bd3 Nf6 5. h4 d6 6. a3 Bg4 7. Rh3 Bxh3 8.
gxh3 O-O 9. a4 Qd7 10. Bf1 d5 11. h5 dxe4 12. h4 Qg4 13. d3 exd3 14. Bxd3 Rad8
15. a5 Rfe8 16. Ra4 Qxh5 17. Bb5 Rxd1+ 18. Kxd1 a6 19. Ne4 Nxe4 20. Rxe4 Qxf3+
21. Ke1 axb5 22. Rb4 Bxb4+ 23. Kf1 Rd8 24. a6 Rd1# 0-1

[Event "Championnats Loire Jeunes 2004 Pup Pou P"]
[Site "Aurec"]
[Date "2004.11.14"]
[Round "3.1"]
[White "Gidrol, Thibault"]
[Black "Carrot, Axel"]
[Result "0-1"]
[WhiteElo "1310"]
[BlackElo "1300"]
[PlyCount "46"]
[EventDate "2004.??.??"]

1. e4 e5 2. Nf3 Nc6 3. Nc3 Bc5 4. Bc4 d6 5. d3 Nf6 6. Ng5 Rf8 7. O-O Bg4 8. Qe1
h6 9. Bxf7+ Rxf7 10. Nxf7 Kxf7 11. a3 Nd4 12. Be3 Nxc2 13. Qc1 Nxa1 14. Qxa1
Bxe3 15. fxe3 Ke7 16. Qa2 Qg8 17. Nd5+ Nxd5 18. exd5 Rf8 19. Rc1 Ke8 20. Qc4
Qf7 21. Qxg4 Qf2+ 22. Kh1 Qf1+ 23. Rxf1 Rxf1# 0-1

[Event "Championnats Loire Jeunes 2004 Pup Pou P"]
[Site "Aurec"]
[Date "2004.11.14"]
[Round "3.2"]
[White "Chambosse, Alexis"]
[Black "Oriol, Nicolas"]
[Result "1-0"]
[WhiteElo "1210"]
[BlackElo "1130"]
[PlyCount "44"]
[EventDate "2004.??.??"]

1. d4 d5 2. c4 e6 3. Bf4 Bb4+ 4. Nd2 Nc6 5. e3 Nf6 6. Bg5 h6 7. Bxf6 Qxf6 8. a3
Ba5 9. b4 Bb6 10. b5 Nxd4 11. exd4 Bxd4 12. Ngf3 Bxa1 13. cxd5 exd5 14. Qb3 Be5
15. Bd3 d4 16. Bc4 O-O 17. Ne4 Re8 18. O-O Qg6 19. Qc2 d3 20. Qxd3 Bb2 21. Ne5
Qh5 22. Ng3 Qxe5 {il manque un coup} 1-0

[Event "Championnats Loire Jeunes 2004 Pup Pou P"]
[Site "Aurec"]
[Date "2004.11.14"]
[Round "3.3"]
[White "Charron, Arthur"]
[Black "Desassis, Maxence"]
[Result "0-1"]
[WhiteElo "1060"]
[BlackElo "1380"]
[PlyCount "80"]
[EventDate "2004.??.??"]

1. e4 c6 2. Nc3 d5 3. exd5 cxd5 4. d4 Nc6 5. Nf3 Bg4 6. h3 Bxf3 7. gxf3 Nf6 8.
Bb5 a6 9. Bf4 axb5 10. Nxb5 Qa5+ 11. Bd2 Qxb5 12. Bf4 Qxb2 13. Bc1 Qxa1 14. O-O
Qxd4 15. Be3 Qxd1 16. Rxd1 Rxa2 17. Rc1 e5 18. f4 exf4 19. Bxf4 Ba3 20. Rf1 O-O
21. Bc1 Bxc1 22. Rxc1 Re8 23. Rf1 Re2 24. Kg2 Raxc2 25. h4 Ne4 26. Kh3 Nxf2+
27. Kg3 Ne4+ 28. Kh3 Rc3+ 29. Kg4 Rg2+ 30. Kf4 Rgg3 31. Kf5 Rc4 32. Kf4 Nd4 33.
Ke5 Nc3 34. Kd6 Rg6+ 35. Ke5 Nc6+ 36. Kf5 Rxh4 37. Rc1 Kf8 38. Rxc3 Ke7 39. Rd3
Rgh6 40. Rxd5 R6h5# 0-1

[Event "Championnats Loire Jeunes 2004 Pup Pou P"]
[Site "Aurec"]
[Date "2004.11.14"]
[Round "3.4"]
[White "Guyot, Corentin"]
[Black "Moleins, Adrien"]
[Result "0-1"]
[WhiteElo "1099"]
[BlackElo "1099"]
[PlyCount "86"]
[EventDate "2004.??.??"]

1. c3 e5 2. Qb3 d5 3. d4 exd4 4. cxd4 Nc6 5. Nf3 Na5 6. Qe3+ Be7 7. Nc3 Nf6 8.
Qd3 O-O 9. e4 dxe4 10. Nxe4 Re8 11. Nxf6+ Bxf6+ 12. Be2 Nc6 13. O-O Nxd4 14.
Nxd4 Bxd4 15. Be3 Bxe3 16. fxe3 Qxd3 17. Bxd3 Rxe3 18. Bc4 Kh8 19. Rad1 Be6 20.
Bxe6 fxe6 21. Rd2 h5 22. h3 Kg8 23. Kf2 Re5 24. Rd7 Rf5+ 25. Kg1 Rxf1+ 26. Kxf1
Rc8 27. Re7 b5 28. Rxe6 Kf7 29. Re4 c5 30. Rf4+ Kg6 31. Rf3 Rc7 32. Rg3+ Kf5
33. Rf3+ Kg5 34. Rg3+ Kh4 35. Rf3 Kg5 36. Rg3+ Kh6 37. h4 Rf7+ 38. Rf3 Rxf3+
39. gxf3 a5 40. Kf2 Kg6 41. Ke3 Kf5 42. f4 Ke6 43. f5+ Kd5 0-1

[Event "Championnats Loire Jeunes 2004 Pup Pou P"]
[Site "Aurec"]
[Date "2004.11.14"]
[Round "3.5"]
[White "Lille, Gauthier"]
[Black "Guyot, Camille"]
[Result "1-0"]
[WhiteElo "1099"]
[BlackElo "1009"]
[PlyCount "27"]
[EventDate "2004.??.??"]

1. e4 e5 2. Nf3 Nc6 3. d4 Nf6 4. dxe5 Be7 5. exf6 gxf6 6. Nh4 d6 7. Nf5 Nd4 8.
Qxd4 h6 9. Nxh6 c6 10. Bc4 c5 11. Qe3 Rxh6 12. Qxh6 Bf8 13. Qh5 f5 14. Qxf7#
1-0

[Event "Championnats Loire Jeunes 2004 Pup Pou P"]
[Site "Aurec"]
[Date "2004.11.14"]
[Round "3.6"]
[White "Allabrune, Guillaume"]
[Black "Desassis, Emmeran"]
[Result "1-0"]
[WhiteElo "1009"]
[BlackElo "1010"]
[PlyCount "21"]
[EventDate "2004.??.??"]

1. e4 e5 2. Bc4 Nh6 3. Qh5 g6 4. Qxe5+ Qe7 5. Qxc7 Qxe4+ 6. Kd1 Qg4+ 7. f3 Qd4
8. Bb5 Qb4 9. Nh3 Qxb5 10. Re1+ Be7 11. Qxc8# 1-0

[Event "Championnats Loire Jeunes 2004 Pup Pou P"]
[Site "Aurec"]
[Date "2004.11.14"]
[Round "4.1"]
[White "Carrot, Axel"]
[Black "Chambosse, Alexis"]
[Result "1-0"]
[WhiteElo "1300"]
[BlackElo "1210"]
[PlyCount "45"]
[EventDate "2004.??.??"]

1. d4 d5 2. Bf4 Nc6 3. Nf3 Bf5 4. Nc3 e6 5. e3 Bb4 6. Qd2 Be4 7. Be2 Nf6 8. a3
Bxc3 9. Qxc3 O-O 10. Bb5 Ne7 11. Bxc7 Qc8 12. Ne5 Bxg2 13. Rg1 Be4 14. Bd6
Qxc3+ 15. bxc3 Rac8 16. Bxe7 Rxc3 17. Bxf6 g6 18. Rc1 Rcc8 19. f3 Bxc2 20. Kd2
a6 21. Ba4 Rc3 22. Rxc2 Rxc2+ 23. Bxc2 1-0

[Event "Championnats Loire Jeunes 2004 Pup Pou P"]
[Site "Aurec"]
[Date "2004.11.14"]
[Round "4.2"]
[White "Desassis, Maxence"]
[Black "Gidrol, Thibault"]
[Result "1-0"]
[WhiteElo "1380"]
[BlackElo "1310"]
[PlyCount "99"]
[EventDate "2004.??.??"]

1. d4 Nc6 2. Nf3 d5 3. e3 Nf6 4. Bd3 e6 5. b3 Be7 6. Bb2 O-O 7. Nbd2 Bd7 8. O-O
Bd6 9. Ne5 Bxe5 10. dxe5 Ne4 11. Nxe4 dxe4 12. Bxe4 Nb4 13. Ba3 Bb5 14. Bxb4
Bxf1 15. Bxf8 Qxd1 16. Rxd1 Rxf8 17. Rxf1 b6 18. Rd1 c5 19. c4 a5 20. a4 f6 21.
exf6 Rxf6 22. Rd8+ Kf7 23. Bxh7 e5 24. f3 g5 25. Rd7+ Ke6 26. Rb7 Kd6 27. Rxb6+
Ke7 28. Rxf6 Kxf6 29. g4 Kg7 30. Bf5 Kh6 31. Kg2 Kg7 32. Kg3 Kf6 33. e4 Ke7 34.
h4 gxh4+ 35. Kxh4 Kf6 36. g5+ Kg7 37. Kg4 Kf7 38. f4 exf4 39. Kxf4 Kg7 40. e5
Kf7 41. e6+ Ke7 42. g6 Kf6 43. Ke4 Ke7 44. g7 Kd8 45. g8=Q+ Kc7 46. Qf7+ Kb6
47. e7 Kc6 48. e8=Q+ Kb6 49. Qb8+ Kc6 50. Qfc7# 1-0

[Event "Championnats Loire Jeunes 2004 Pup Pou P"]
[Site "Aurec"]
[Date "2004.11.14"]
[Round "4.3"]
[White "Moleins, Adrien"]
[Black "Lille, Gauthier"]
[Result "0-1"]
[WhiteElo "1099"]
[BlackElo "1099"]
[PlyCount "74"]
[EventDate "2004.??.??"]

1. e4 e5 2. Nf3 Nc6 3. d4 d5 4. exd5 Nb4 5. dxe5 Bc5 6. Nc3 f6 7. e6 Nh6 8. Be3
Bxe3 9. fxe3 O-O 10. Qd4 Qe7 11. Qe4 f5 12. Qe5 Nxc2+ 13. Kd2 Nxa1 14. Bd3 Qb4
15. b3 Qa3 16. Rb1 a5 17. e7 Re8 18. d6 cxd6 19. Qd5+ Kh8 20. Ng5 Rxe7 21. Qb5
Re5 22. Qb6 Bd7 23. Qxb7 Ree8 24. Qxd7 Rxe3 25. Nf7+ Nxf7 26. Qxf7 d5 27. Qxd5
Re1 28. Qf7 f4 29. h4 a4 30. bxa4 Rf8 31. Qd5 Rxb1 32. Nxb1 Qb2+ 33. Bc2 Qxc2+
34. Ke1 Re8+ 35. Kf1 Qxb1+ 36. Kf2 Qe1+ 37. Kf3 Qg3# 0-1

[Event "Championnats Loire Jeunes 2004 Pup Pou P"]
[Site "Aurec"]
[Date "2004.11.14"]
[Round "4.4"]
[White "Oriol, Nicolas"]
[Black "Charron, Arthur"]
[Result "1-0"]
[WhiteElo "1130"]
[BlackElo "1060"]
[PlyCount "69"]
[EventDate "2004.??.??"]

1. e4 e5 2. Nf3 Nc6 3. Bc4 Bc5 4. Nc3 Nf6 5. O-O O-O 6. d3 d6 7. Bg5 Bg4 8. Qd2
Qe7 9. Bd5 Be6 10. Bc4 Bd7 11. Bd5 Na5 12. a3 Be6 13. b4 Nc6 14. bxc5 dxc5 15.
Qe3 Bd7 16. Rab1 Na5 17. Bh4 Nc6 18. Rb5 b6 19. Rfb1 Qd6 20. d4 c4 21. dxe5
Qxa3 22. exf6 gxf6 23. Bxf6 Qd6 24. Bxc4 Qxf6 25. e5 Qf5 26. Bd3 Qe6 27. Ng5
Qg4 28. Be2 Qf5 29. e6 fxe6 30. Rxf5 exf5 31. Rb5 Rfe8 32. Qd3 Ne5 33. Qh3 Bxb5
34. Nxb5 a6 35. Nxc7 {abandon} 1-0

[Event "Championnats Loire Jeunes 2004 Pup Pou P"]
[Site "Aurec"]
[Date "2004.11.14"]
[Round "4.5"]
[White "Allabrune, Guillaume"]
[Black "Guyot, Corentin"]
[Result "0-1"]
[WhiteElo "1009"]
[BlackElo "1099"]
[PlyCount "78"]
[EventDate "2004.??.??"]

1. e4 e5 2. Nf3 Nc6 3. d3 Nf6 4. Nc3 Be7 5. Be2 d6 6. Be3 Be6 7. O-O O-O 8. Qd2
Qd7 9. Ng5 h6 10. Nxe6 {erruer de notation} 10... Qxe6 11. Nb5 Rac8 12. Rad1
Rfe8 13. Rfe1 a6 14. Na3 d5 15. exd5 Nxd5 16. Bc5 Bxc5 17. h3 Qg6 18. Bg4 f5
19. Bf3 Nf4 20. Bd5+ Kh8 21. Re3 Qxg2+ 22. Bxg2 Ng6 23. Rg3 Nf4 24. Bf3 Nd5 25.
Bxd5 f4 26. Rg5 hxg5 27. Bf7 Rf8 28. Be6 Rfe8 29. Bc4 b5 30. Bb3 Nd4 31. Bd5
Rcd8 32. Be6 Nf3+ 33. Kf1 Nxd2+ 34. Rxd2 Rd6 35. Bc4 bxc4 36. dxc4 Rxd2 37. Nb1
Bxf2 38. Nxd2 Rd8 39. b3 Rxd2 0-1

[Event "Championnats Loire Jeunes 2004 Pup Pou P"]
[Site "Aurec"]
[Date "2004.11.14"]
[Round "4.6"]
[White "Desassis, Emmeran"]
[Black "Guyot, Camille"]
[Result "1-0"]
[WhiteElo "1010"]
[BlackElo "1009"]
[PlyCount "41"]
[EventDate "2004.??.??"]

1. d4 e5 2. dxe5 Nc6 3. Nc3 Nf6 4. Bg5 Be7 5. Bxf6 Bxf6 6. Nf3 Bxe5 7. Nxe5
Nxe5 8. Qd5 Ng6 9. O-O-O O-O 10. e3 d6 11. Bd3 Bd7 12. Bxg6 hxg6 13. g3 g5 14.
h4 a6 15. hxg5 a5 16. b3 c6 17. Qg2 c5 18. Qxb7 Qe7 19. Nd5 Rab8 20. Qa7 Ra8
21. Nxe7# 1-0

[Event "Championnats Loire Jeunes 2004 Pup Pou P"]
[Site "Aurec"]
[Date "2004.11.14"]
[Round "5.1"]
[White "Desassis, Maxence"]
[Black "Carrot, Axel"]
[Result "1-0"]
[WhiteElo "1380"]
[BlackElo "1300"]
[PlyCount "99"]
[EventDate "2004.??.??"]

1. d4 d5 2. Nf3 Bf5 3. e3 e6 4. Bd3 Bxd3 5. Qxd3 Nf6 6. b3 Nc6 7. Nbd2 Bd6 8.
Bb2 O-O 9. O-O Qd7 10. Ne5 Qe8 11. Ndf3 Nb4 12. Qd2 Ne4 13. Qd1 f6 14. Nd3 Qc6
15. Nxb4 Bxb4 16. a3 Bc3 17. Bxc3 Qxc3 18. Qd3 Qxd3 19. cxd3 Nd6 20. Rac1 c6
21. Rfe1 Rfe8 22. a4 Rac8 23. e4 dxe4 24. dxe4 e5 25. Rcd1 Rcd8 26. d5 g6 27.
g4 Re7 28. g5 f5 29. exf5 Nxf5 30. dxc6 Rxd1 31. Rxd1 e4 32. cxb7 Rxb7 33. Rd8+
Kf7 34. Ne5+ Ke6 35. Re8+ Ne7 36. Nc6 Rc7 37. Nd4+ Kd7 38. Rh8 Rc5 39. Rxh7
Rxg5+ 40. Kf1 Rd5 41. Nc6 Kxc6 42. Rxe7 Rd3 43. Rxe4 Rxb3 44. Re6+ Kc5 45. Rxg6
Ra3 46. Ra6 Ra1+ 47. Kg2 Kb4 48. Rxa7 Rxa4 49. Rxa4+ Kxa4 50. h4 {abandon} 1-0

[Event "Championnats Loire Jeunes 2004 Pup Pou P"]
[Site "Aurec"]
[Date "2004.11.14"]
[Round "5.2"]
[White "Chambosse, Alexis"]
[Black "Lille, Gauthier"]
[Result "0-1"]
[WhiteElo "1210"]
[BlackElo "1099"]
[PlyCount "26"]
[EventDate "2004.??.??"]

1. d4 d5 2. Bf4 Bf5 3. c4 c5 4. dxc5 d4 5. e3 d3 6. Qd2 Na6 7. c6 bxc6 8. Nf3
Nc5 9. Qb4 e6 10. g3 Ne4 11. Nc3 Bxb4 12. Rc1 d2+ 13. Nxd2 Qxd2# 0-1

[Event "Championnats Loire Jeunes 2004 Pup Pou P"]
[Site "Aurec"]
[Date "2004.11.14"]
[Round "5.3"]
[White "Gidrol, Thibault"]
[Black "Guyot, Corentin"]
[Result "1-0"]
[WhiteElo "1310"]
[BlackElo "1099"]
[PlyCount "69"]
[EventDate "2004.??.??"]

1. e4 e5 2. Nf3 Nc6 3. Nc3 Nf6 4. d3 d6 5. Be3 Be6 6. Be2 Be7 7. O-O O-O 8. Bg5
Qd7 9. Bxf6 Bxf6 10. a3 Rad8 11. Nd5 Rfe8 12. h3 b6 13. Qd2 h6 14. Qxh6 gxh6
15. Nxf6+ Kf8 16. Nxd7+ Rxd7 17. c3 d5 18. c4 dxe4 19. dxe4 Rd2 20. Nxd2 Nd4
21. Bh5 Rd8 22. Bd1 f5 23. exf5 Bxf5 24. f4 Bd3 25. fxe5+ Ke8 26. Bh5+ Ke7 27.
Rf7+ Ke6 28. Ne4 Bxe4 29. Raf1 Bf5 30. g4 Ne2+ 31. Kf2 Bc2 32. Kxe2 Ba4 33.
R1f6+ Kxe5 34. Re7+ Kd4 35. Bg6 1-0

[Event "Championnats Loire Jeunes 2004 Pup Pou P"]
[Site "Aurec"]
[Date "2004.11.14"]
[Round "5.4"]
[White "Moleins, Adrien"]
[Black "Oriol, Nicolas"]
[Result "1-0"]
[WhiteElo "1099"]
[BlackElo "1130"]
[PlyCount "41"]
[EventDate "2004.??.??"]

1. e4 e5 2. Nf3 Nc6 3. d4 f6 4. dxe5 fxe5 5. Bg5 Nf6 6. Nc3 Bc5 7. Bxf6 Qxf6 8.
Nd5 Qe6 9. Nxc7+ Ke7 10. Nxe6 Kxe6 11. Ng5+ Ke7 12. Qh5 g6 13. Qf3 Nd4 14. Qf7+
Kd8 15. O-O-O Rf8 16. Qxh7 d6 17. Nf7+ Ke8 18. Bb5+ Bd7 19. Bxd7+ Kxd7 20.
Nxe5+ Ke8 21. Qd7# 1-0

[Event "Championnats Loire Jeunes 2004 Pup Pou P"]
[Site "Aurec"]
[Date "2004.11.14"]
[Round "5.5"]
[White "Charron, Arthur"]
[Black "Desassis, Emmeran"]
[Result "1-0"]
[WhiteElo "1060"]
[BlackElo "1010"]
[PlyCount "81"]
[EventDate "2004.??.??"]

1. e4 d6 2. d4 e5 3. Nf3 exd4 4. Nxd4 Nf6 5. Nc3 c6 6. Bc4 d5 7. Bb3 Bb4 8. O-O
Bxc3 9. bxc3 O-O 10. Bg5 h6 11. Bh4 dxe4 12. c4 b5 13. c3 bxc4 14. Bxc4 Ba6 15.
Bxa6 Nxa6 16. Nxc6 Qxd1 17. Raxd1 Rac8 18. Nxa7 Rxc3 19. Bg3 Ra8 20. Nb5 Rc5
21. Nd6 Rf8 22. Rb1 Rd5 23. Rfc1 Nh5 24. Nxe4 Nxg3 25. Nxg3 Rb8 26. Ra1 Nc5 27.
a3 Ra8 28. h3 Ra5 29. Re1 g6 30. Re8+ Kg7 31. Kh2 h5 32. Re3 Kh6 33. h4 Rd3 34.
Ree1 Nb3 35. Ra2 f6 36. Re6 Kg7 37. Ne4 g5 38. hxg5 fxg5 39. Rc2 Rxa3 40. Rc7+
Kg8 41. Re8# 1-0

[Event "Championnats Loire Jeunes 2004 Pup Pou P"]
[Site "Aurec"]
[Date "2004.11.14"]
[Round "5.6"]
[White "Guyot, Camille"]
[Black "Allabrune, Guillaume"]
[Result "0-1"]
[WhiteElo "1009"]
[BlackElo "1009"]
[PlyCount "80"]
[EventDate "2004.??.??"]

1. e4 e5 2. Nf3 Nc6 3. Nc3 d6 4. Be2 Qf6 5. d3 Qg6 6. Nh4 Qg5 7. Nf3 Qg6 8. Na4
Nd4 9. c3 Nxe2 10. Qxe2 Qxg2 11. Ng5 Qxh1+ 12. Kd2 Qxh2 13. b3 Qg2 14. Ba3 Bg4
15. c4 Bxe2 16. Kxe2 Qxg5 17. Bc1 Qh5+ 18. Ke1 Qh1+ 19. Ke2 Be7 20. Nc3 Bh4 21.
Nb5 Nf6 22. Nxc7+ Ke7 23. Nxa8 Rxa8 24. c5 dxc5 25. a3 Qh2 26. d4 Qxf2+ 27. Kd1
Qe1+ 28. Kc2 Qf2+ 29. Kc3 Qe1+ 30. Kc4 a6 31. dxc5 b5+ 32. Kd3 a5 33. Kc2 a4
34. Kb2 Qf2+ 35. Kb1 Rb8 36. c6 b4 37. axb4 Rxb4 38. Bb2 Rxb3 39. Kc1 Re3 40.
Rxa4 Re1# 0-1